| 000 | 00394nam a2200157Ia 4500 | ||
|---|---|---|---|
| 005 | 20250423101510.0 | ||
| 008 | 250422s9999 xx 000 0 und d | ||
| 020 | _a978-1-84205-370-6 | ||
| 100 | _aCornwell, Barry | ||
| 245 | 4 | _aThe works of Shakespeare | |
| 260 | _bGeddes & Grosset | ||
| 260 | _c2009 | ||
| 300 | _a601 p | ||
| 650 | _aWith a memoir, and essay on his genius | ||
| 942 | _cBK | ||
| 999 |
_c36465 _d36465 |
||